Les Llueve sobre mojado / (Record no. 65956)

MARC details
000 -LEADER
fixed length control field 00667cam a2200205 4500
008 - FIXED-LENGTH DATA ELEMENTS--GENERAL INFORMATION
fixed length control field t19911991 spa
020 ## - INTERNATIONAL STANDARD BOOK NUMBER
International Standard Book Number 9686101195
245 04 - TITLE STATEMENT
Title Les Llueve sobre mojado /
Statement of responsibility, etc Jorge Durand...[coord.].
250 ## - EDITION STATEMENT
Edition statement 1a ed.
260 ## - PUBLICATION, DISTRIBUTION, ETC. (IMPRINT)
Place of publication, distribution, etc Guadalajara, Jalisco, México :
Name of publisher, distributor, etc Academia Jalisciense de Derechos Humanos :
-- ITESO,
Date of publication, distribution, etc c1991
300 ## - PHYSICAL DESCRIPTION
Extent 115 p. ;
Dimensions 21 cm.
504 ## - BIBLIOGRAPHY, ETC. NOTE
Bibliography, etc Incluye bibliografías
650 #4 - SUBJECT ADDED ENTRY--TOPICAL TERM
Topical term or geographic name as entry element Mexicanos en EE.UU.
General subdivision Derechos civiles
650 #4 - SUBJECT ADDED ENTRY--TOPICAL TERM
Topical term or geographic name as entry element Emigración e inmigración
General subdivision E. U. A.
700 1# - ADDED ENTRY--PERSONAL NAME
Personal name Durand, Jorge, coord.
942 ## - ADDED ENTRY ELEMENTS (KOHA)
Source of classification or shelving scheme Biblioteca del Cogreso de los Estados Unidos
Koha item type Libro
Holdings
Estado de pérdida Fuente de clasificación Estado del daño No para préstamo Ubicación permanente Ubicación actual Apartado o colección Fecha de adquisición Edición Dependencia de educación superior (DES) Área del conocimiento Clasificación Código de Barras Date last seen Número de copia Tipo de recurso
  Biblioteca del Cogreso de los Estados Unidos     Biblioteca del Instituto de Investigaciones Históricas Biblioteca del Instituto de Investigaciones Históricas General 22/08/2018 1a ed. Humanidades Ciencias Sociales y Administrativas HD8081 .M6 L47 1991 IIH000024986 22/08/2018 C:1 Libro